|
|
|
|
| LEADER |
00781nam a2200217 i 4500 |
| 001 |
misc47486 |
| 005 |
20201015110201.0 |
| 007 |
tz | |||||||| |
| 008 |
200527s1956 hu o 0|| hun d |
| 040 |
|
|
|a SZTE Miscellanea Repozitórium
|b hun
|
| 041 |
|
|
|a hun
|
| 245 |
0 |
0 |
|a Honvédek tiszthelyettesek, tisztek és tábornokok!
|h [elektronikus dokumentum]
|
| 260 |
|
|
|a K. n.
|b H. n.
|c 1956
|
| 300 |
|
|
|a 1 fol.
|c 23 x 17 cm
|
| 561 |
|
|
|a 1956-os plakátok és szórólapok
|
| 650 |
|
4 |
|a Bölcsészettudományok
|
| 650 |
|
4 |
|a Történettudomány és régészet
|
| 650 |
|
4 |
|a Történettudomány
|
| 650 |
|
4 |
|a Újkori és jelenkori történelem
|
| 695 |
|
|
|a Magyarország története - 20. sz. - forrás
|
| 856 |
4 |
0 |
|u http://misc.bibl.u-szeged.hu/47486/1/MS_1500_001_031.pdf
|z Dokumentum-elérés
|